| 000 | 01397nam a2200385 a 4500 | ||
|---|---|---|---|
| 001 | ebr10477144 | ||
| 003 | CaPaEBR | ||
| 006 | m u | ||
| 007 | cr cn||||||||| | ||
| 008 | 110706s2011 stk sb 001 0deng d | ||
| 010 | _z 2011431376 | ||
| 020 | _z9780748638642 (hbk.) | ||
| 020 | _z0748638644 (hbk.) | ||
| 020 | _z0748638652 (pbk.) | ||
| 020 | _z9780748638659 (pbk.) | ||
| 020 | _z9780748645978 (e-book) | ||
| 040 |
_aCaPaEBR _cCaPaEBR |
||
| 035 | _a(OCoLC)741354223 | ||
| 050 | 1 | 4 |
_aB2430.D454 _bD4565 2011eb |
| 082 | 0 | 4 |
_a194 _222 |
| 245 | 0 | 0 |
_aDeleuze and the body _h[electronic resource] / _cedited by Laura Guillaume and Joe Hughes. |
| 260 |
_aEdinburgh : _bEdinburgh University Press, _cc2011. |
||
| 300 | _avi, 229 p. | ||
| 490 | 1 | _aDeleuze connections | |
| 504 | _aincludes bibliographical references and index. | ||
| 533 |
_aElectronic reproduction. _bPalo Alto, Calif. : _cebrary, _d2013. _nAvailable via World Wide Web. _nAccess may be limited to ebrary affiliated libraries. |
||
| 600 | 1 | 0 |
_aDeleuze, Gilles, _d1925-1995. |
| 650 | 0 | _aMind and body. | |
| 655 | 7 |
_aElectronic books. _2local |
|
| 700 | 1 | _aGuillaume, Laura. | |
| 700 | 1 | _aHughes, Joe. | |
| 710 | 2 | _aebrary, Inc. | |
| 830 | 0 | _aDeleuze connections. | |
| 856 | 4 | 0 |
_uhttp://site.ebrary.com/lib/rucke/Doc?id=10477144 _zAn electronic book accessible through the World Wide Web; click to view |
| 999 |
_c217973 _d217973 |
||